[Event "Hamburg State-ch U16"]
[Site "Cuxhaven"]
[Date "2005.03.13"]
[Round "2"]
[White "Maiorov, Daniel"]
[Black "Schrader, Maximilian"]
[Result "1/2-1/2"]
[WhiteElo "1648"]
[BlackElo "1551"]
[PlyCount "86"]
[EventDate "2005.03.12"]
[EventType "swiss"]
[EventRounds "9"]
[EventCountry "GER"]
[SourceTitle "EXT 2007"]
[Source "ChessBase"]
[SourceDate "2006.11.23"]
[SourceVersion "1"]
[SourceVersionDate "2006.11.23"]
[SourceQuality "1"]

1. e4 e5 2. Nf3 Nc6 3. Bc4 Bc5 4. d3 d6 5. c3 Bg4 6. Nbd2 Nf6 7. a4 a5 8. Qb3 0-0 9. Qxb7 Ne7 10. Qb3 Ng6 11. h3 Bc8 12. Nf1 c6 13. Be3 Nf4 14. Bxf4 exf4 15. d4 Nxe4 16. dxc5 Nxc5 17. Qc2 Re8+ 18. Kd2 d5 19. Bd3 Nxd3 20. Qxd3 Ba6 21. Qd4 Re2+ 22. Kc1 Re4 23. Qd1 Qb6 24. N1d2 Rb8 25. Qb3 Qxb3 26. Nxb3 Rxb3 27. Nd2 Rb8 28. Nxe4 dxe4 29. Re1 Re8 30. Ra3 Bc4 31. b3 Bd3 32. Kd2 Rd8 33. Kc1 c5 34. c4 f5 35. Ra2 g5 36. Rd2 h5 37. Kb2 Rd4 38. Kc3 Kf7 39. f3 g4 40. hxg4 hxg4 41. fxg4 fxg4 42. Rf2 f3 43. gxf3 gxf3 1/2-1/2